=LDR 00000nam 2200000 4500 =001 INLIS000000000020732 =005 20130612115648 =008 ***********************************Ind** =035 ##$$0010-061300000020732 =041 ##$$a Ind =082 ##$$a 428 =090 ##$$a 428, Sya c =100 ##$$a Syah, Jalinus =245 ##$$a Coversation for business executives, Drs, Djalinus Syah, Drs. H.N Murdiati Sulastomo, Drs. H. Aziman Enong =260 ##$$a 1995 $b Jakarta =300 ##$$a ix, 172 hlm, ilus, 20 cm =650 ##$$a Bahasa Inggris-Konversation =850 ##$$a NBPNMAT